El derecho administrativo: concepto, características, sistematización, prospección
Uloženo v:
| Hlavní autor: | |
|---|---|
| Médium: | Kniha |
| Jazyk: | španělština |
| Vydáno: |
Santiago
Jurídica de Chile
2007
|
| Vydání: | 2a. ed |
| Edice: | Colección Manuales Jurídicos
|
| Témata: | |
| Tagy: |
Přidat tag
Žádné tagy, Buďte první, kdo vytvoří štítek k tomuto záznamu!
|
MARC
| LEADER | 00000nam a2200000 a 4500 | ||
|---|---|---|---|
| 001 | UCI0871 | ||
| 003 | CL-VaPUC | ||
| 008 | 070601e20070000CL |||||||||||||||||spa|d | ||
| 020 | |a 9789561017719 | ||
| 082 | 0 | 4 | |a 342 |b PAN |2 21 |
| 100 | |a Pantoja Bauzá, Rolando |e autor |9 568200 | ||
| 245 | 1 | 3 | |a El derecho administrativo: concepto, características, sistematización, prospección |
| 250 | |a 2a. ed | ||
| 300 | |a 145 p | ||
| 942 | |c BK | ||
| 945 | |d 20070601 00:00:00 |a jtorresc | ||
| 260 | |a Santiago |b Jurídica de Chile |c 2007 | ||
| 650 | 0 | |a Derecho administrativo |9 254851 | |
| 650 | 0 | |a Derecho positivo |9 255911 | |
| 583 | |a last modification |c 20140404 11:00:36 |k Rodrigo Vera | ||
| 490 | 0 | |a Colección Manuales Jurídicos | |
| 999 | |c 325845 |d 325843 | ||
| 952 | |0 0 |1 0 |4 0 |6 342_000000000000000_PAN_2007 |7 0 |8 A |9 407284 |a BIBDER |b BIBDER |d 2019-11-22 |i 4345665 |o 342 PAN 2007 |p 4345665 |r 2023-01-25 |w 2019-11-22 |y BK |k DER | ||
| 952 | |0 0 |1 0 |4 0 |6 342_000000000000000_PAN_2007 |7 0 |8 A |9 407286 |a BIBDER |b BIBDER |d 2019-11-22 |i 4373758 |o 342 PAN 2007 |p 4373758 |r 2023-01-25 |w 2019-11-22 |y BK |k DER | ||